000 00529nam a2200217Ia 4500
003 OSt
005 20221007082546.0
006 a|||||r|||| 00| 0
007 ta
008 221006b |||||||| |||| 00| 0 eng d
024 _a20,885
037 _cTextual
040 _aFLL
_cFLL
_beng
041 _2eng
_aeng
082 _aY:45, N3
100 _aMakkar S.P.
_9699158
245 0 _aGlobal perspectives in victimology
260 _c1993
942 _hY:45, N3
_cTEXL
_2CC
999 _c1166854
_d1166854